Ładuje się......

VIROLOGY ( J )

Opis bibliograficzny
Format: Continuing Resources
Wydane: NEW YORK & LONDON ACADEMIC PRESS 1969
Hasła przedmiotowe:
LEADER 00488nam a2200205 4500
020
037
082 |a 579.2 05 VIR 
100
245 |a VIROLOGY ( J )  |h English 
250
260 |a NEW YORK & LONDON  |b ACADEMIC PRESS  |c 1969 
300 |a 712  |f HB 
500
590
630
650 |a VIROLOGY ( J ) 
942 |c CR 
999 |c 168339  |d 168339 
952 |0 0  |1 0  |4 0  |6 579_200000000000000_05_VIR  |7 0  |9 181780  |a BOT  |b BOT  |l 0  |o 579.2 05 VIR  |p BOT3429  |r 2019-10-25  |w 2019-10-25  |y CR